000 00493nam a2200181 a 4500
005 20240215063835.0
008 030827s2002 mx r 000 0 spa d
020 _a9681842146
035 _aUPN01000128217
049 _aCG
050 4 _aHD37
_bR4.2
100 1 _aReyes Ponce, Agustín
245 1 0 _aAdministración moderna /
_cAgustín Reyes Ponce.
260 _aMéxico :
_bLimusa,
_c2002.
300 _a480 p., [1] h. pleg. :
_bcuadro
650 4 _aAdministración
_928
905 _aLibro
999 _c100396
_d100396